000 00718nam a2200229 a 4500
001 BRL_624
005 20190320210827.0
008 110913s1936----u--a######---#000-0#eng-#
041 _aeng
044 _au
050 4 _aPR1109
_b.E47 1936
100 1 _aElson, William H.
_d1856-1935.
_q(William Harris),
_924457
245 1 0 _aJunior High School Literature
_bBook one
_cRevised Editon by Willam H. Elson, Christine M. Keck, Mary H. Burris
260 _aChicago, Atlanta [etc.]
_bScott, Foresman and Company
_c1936
300 _av.
_bil.
_c23 p.
500 _aAu649
650 1 4 _aLibros de lectura
_924458
700 1 _aKeck, Christine M.
_924459
700 1 _aBurris, Mary H.
_924460
902 _aGRL
942 _2lcc
_cB
999 _c9436
_d9436